Señas de las imprentas de Madrid (1568-1850) (Record no. 177277)

MARC details
000 -LEADER
campo de control de longitud fija 01149nam a2200289 4500
001 - NÚMERO DE CONTROL
campo de control 177277
003 - IDENTIFICADOR DE NÚMERO DE CONTROL
campo de control ES-MaACL
005 - FECHA Y HORA DE LA ÚLTIMA TRANSACCIÓN
campo de control 20250817142528.0
008 - DATOS DE LONGITUD FIJA--INFORMACIÓN GENERAL
campo de control de longitud fija 110311s2007 sp af |||| |dspa d
017 ## - NÚMERO DE COPYRIGHT O DE DEPÓSITO LEGAL
Número de copyright o de depósito legal M.31.014-2007
020 ## - NÚMERO INTERNACIONAL ESTÁNDAR DEL LIBRO
Número Internacional Estándar del Libro 9788493519537
080 ## - NÚMERO DE LA CLASIFICACIÓN DECIMAL UNIVERSAL
Número de la Clasificación Decimal Universal 655.15(460.27 M.)"15/18"
100 1# - ENTRADA PRINCIPAL--NOMBRE DE PERSONA
Nombre de persona Donoso-Cortés y Mesonero-Romanos, Ricardo.
9 (RLIN) 45342
245 10 - MENCIÓN DEL TÍTULO
Título Señas de las imprentas de Madrid (1568-1850)
Resto del título : según constan en las portadas o colofones /
Mención de responsabilidad, etc. Ricardo Donoso-Cortés y Mesonero-Romanos, marqués de Valdegamas.
260 ## - PUBLICACIÓN, DISTRIBUCIÓN, ETC.
Lugar de publicación, distribución, etc. Madrid :
Nombre del editor, distribuidor, etc. Instituto de Estudios Madrileños,
Fecha de publicación, distribución, etc. 2007.
300 ## - DESCRIPCIÓN FÍSICA
Extensión 228 p. :
Otras características físicas il. ;
Dimensiones 24 cm.
490 1# - MENCIÓN DE SERIE
Mención de serie Biblioteca de estudios madrileños ;
Designación de volumen o secuencia 38
500 ## - NOTA GENERAL
Nota general Índices.
650 #7 - PUNTO DE ACCESO ADICIONAL DE MATERIA--TÉRMINO DE MATERIA
Término de materia o nombre geográfico como elemento de entrada Imprenta-
Subdivisión geográfica Madrid (Comunidad Autónoma)
Fuente del encabezamiento o término
9 (RLIN) 145611
650 #7 - PUNTO DE ACCESO ADICIONAL DE MATERIA--TÉRMINO DE MATERIA
Término de materia o nombre geográfico como elemento de entrada Imprenta-
Subdivisión geográfica Madrid (Comunidad Autónoma)
Fuente del encabezamiento o término
9 (RLIN) 145611
710 2# - ENTRADA AGREGADA--NOMBRE DE ENTIDAD CORPORATIVA
Nombre de entidad corporativa o nombre de jurisdicción como elemento de entrada Instituto de Estudios Madrileños
9 (RLIN) 4916
830 0# - PUNTO DE ACCESO ADICIONAL DE SERIE-TÍTULO UNIFORME
Título uniforme Biblioteca de estudios madrileños ;
Designación de volumen o secuencia 38
9 (RLIN) 185680
852 ## - LOCALIZACIÓN
Ubicación ES-MaACL
itemnumber 184095
Sublocalización o colección R.145741
Número de control de estantería A-11029
Signatura antigua Olim: N-4034
Ubicación en estantería Depósito 1
942 ## - ELEMENTOS DE ENTRADA SECUNDARIOS (KOHA)
Fuente del sistema de clasificación o colocación Clasificación decimal universal
Tipo de ítem Koha Libro impreso
Holdings
Estatus retirado Estado de pérdida Fuente del sistema de clasificación o colocación Estado de daño No para préstamo Biblioteca de origen Biblioteca actual Ubicación en estantería Fecha de adquisición Fuente de adquisición Total de préstamos Signatura topográfica completa Código de barras Visto por última vez Precio de reemplazo Tipo de ítem Koha
    Clasificación decimal universal     Biblioteca del Ateneo de Madrid Biblioteca del Ateneo de Madrid Depósito 1 11/03/2011 Compra   A-11029 1186194 23/02/2023 23/02/2023 Libro impreso